Quizzes
Events
Quiz Creation
Community
Videos
Private Events
Remove Ads
Sign In
Join for FREE
Feedback
Dark Mode
Quiz Categories
Sports
Geography
Music
Movies
Television
Just For Fun
Miscellaneous
History
Literature
Language
Science
Gaming
Entertainment
Religion
Holiday
For Kids
Quiz Lab
Recent
Popular Today
Quiz Kudos Today
Editor Picks
Curator Picks
Quizzes by...
Day
Popularity
Type
Ratings
Length
Year
Community
Subscriptions
Recent Discussions
Orange Saloon
Badges
Playlists
Quests
Create
Leaderboards
Showdown
Live 5
Trivia Bingo
Activity
Puzzle Library
Sporcle Events
Private Events
Virtual Trivia
Globe League
Become a Host
Pub Owners
SporcleCon
Opinionation
Our Games
Videos
Blog
Mobile Apps
Partnerships
Remove Ads and Go Orange
Feedback
Just For Fun
Clickable
Get the Picture
Humor
Quick Pick
Word Ladder
Missing Word
Mixed Word
Blitz
Minefield
This or That
Alphabet
Color
Typing
Sporcle
Puzzle
Word Play
Follow That Line
Logic
Just For Fun
Clickable
Get the Picture
Humor
Quick Pick
Word Ladder
Missing Word
Mixed Word
Blitz
Minefield
This or That
Alphabet
Color
Typing
Sporcle
Puzzle
Word Play
Follow That Line
Logic
Random Quiz
Search Sporcle
×
Quiz Lab
Quiz Lab
Just For Fun
Word Ladder
Type in answers that appear in a list
Type in answers that appear in a list
Classic
Best Score? Go Orange.
Word Ladder: James Bond Stats
Can you name the 4-letter answers to these clues in this James Bond themed word ladder?
By
craig247
8m
80 Questions
281 Plays
281 Plays
281 Plays
Comments
Comments
Give Quiz Kudos
Give Quiz Kudos
-
- Ratings
hide this ad
Replay
Link that replays current quiz
Next Quiz
Link to next quiz in quiz playlist
You Got
0%
They Got
Avg Score
72%
Avg Friend Score
Upgrade to see
Score Distribution
Jump to the score distribution portion of the page
Score
0/80
Timer
08:00
0
Plays Today
Clue
4-letter word
% Correct
⋆ The man himself, James _
_
_
_
⋆
Bond
98.6%
⋆ Bond film: Tomorrow Never _
_
_
_
⋆
Dies
93.2%
⋆ Bond film: You Only _
_
_
_
Twice ⋆
Live
91.8%
Dog's chew toy
bone
91.5%
⋆ Bond film: From Russia With _
_
_
_
⋆
Love
91.5%
⋆ _
_
_
_
Seymour, Live and Let Die actress ⋆
Jane
89.7%
Native of Denmark
Dane
88.3%
Plunge into water
dive
87.5%
Solitary
lone
87.5%
⋆ Bond film: Licence To _
_
_
_
⋆
Kill
86.8%
Eat a meal
dine
86.5%
Central part of an apple
core
85.4%
A cause of annoyance
bane
85.1%
⋆ _
_
_
_
Connery, the original 007 ⋆
Sean
85.1%
⋆ Bond film: For _
_
_
_
Eyes Only ⋆
Your
84.7%
Not short
long
84.3%
Wedding band
ring
84.3%
Not front
back
84.3%
⋆ _
_
_
_
Cleese, Die Another Day actor ⋆
John
84%
Dime, nickel or pound
coin
83.3%
Maize
corn
83.3%
Canines
dogs
82.9%
Loud noises
dins
82.6%
Excavates
digs
81.9%
Stupid people
divs
80.1%
Connect
join
80.1%
⋆ Diana _
_
_
_
, On Her Majesty's Secret Service actress ⋆
Rigg
79.7%
pork _
_
_
_
, joint of meat
loin
79.7%
Not sweet
sour
77.9%
Fixes (a vote)
rigs
77.6%
_
_
_
_
Bears, children's cartoon
Care
76.5%
Window ledge
sill
76.5%
Several of these make up a sentence
word
76.5%
Foot garment
sock
75.8%
Hospital room
ward
75.4%
_
_
_
_
byte, computing term abbreviated to Tb
tera
75.1%
⋆ Richard _
_
_
_
, actor who plays Jaws ⋆
Kiel
74%
Small spots
dots
73%
go-
_
_
_
_
, small motor-
racing vehicle
kart
73%
_
_
_
_
Reid, American Pie actress
Tara
72.6%
Clue
4-letter word
% Correct
⋆ _
_
_
_
Hatcher, actress in [Clue 8] ⋆
Teri
72.2%
⋆ _
_
_
_
Chiles, Moonraker actress ⋆
Lois
71.9%
⋆ Tiffany _
_
_
_
, Bond girl in Diamonds Are Forever ⋆
Case
71.9%
Thin
lean
71.5%
Borrowed money
loan
71.2%
Scorch with intense heat
sear
71.2%
Rise high in the air
soar
71.2%
Transfer liquid
pour
71.2%
⋆ Barbara _
_
_
_
, The Spy Who Loved Me actress ⋆
Bach
70.8%
Money
cash
70.5%
_
_
_
_
over, collapse
keel
70.1%
Touch
feel
70.1%
Viral skin infection
wart
69.8%
Marc _
_
_
_
, Walking In Memphis singer
Cohn
69%
Tripped
fell
68.7%
⋆ Tsai Chan's character in [Clue 11] ⋆
Ling
68.3%
What a baby does to a dummy
suck
68.3%
Heap, bundle
pile
68.3%
Party
bash
67.3%
Brazilian footballer
Pele
67.3%
Bad mood
sulk
66.9%
Seductive facial expression
pout
66.2%
Items in an auction
lots
65.8%
⋆ _
_
_
_
Milovy, Bond girl in The Living Daylights ⋆
Kara
65.8%
Tablet
pill
65.5%
Take up space
fill
63.7%
Become sullen
sull
62.6%
⋆ Elektra _
_
_
_
, Bond girl in The World Is Not Enough ⋆
King
62.3%
⋆ _
_
_
_
St John, actress who plays [Clue 33] ⋆
Jill
61.9%
⋆ _
_
_
_
White, Quantum of Solace theme song singer ⋆
Jack
60.9%
⋆ Rosamund _
_
_
_
, Die Another Day actress ⋆
Pike
60.9%
French for father
pere
58.4%
Informal name for a Pekinese dog
peke
58%
⋆ Jack _
_
_
_
, Felix Leiter actor in Dr No ⋆
Lord
56.9%
Scotsman
Jock
54.4%
Mythical superhuman being
peri
52.3%
Lonely, abandoned
lorn
49.1%
French for bridge
pont
35.2%
⋆ Peter _
_
_
_
, On Her Majesty's Secret Service director ⋆
Hunt
25.6%
Bet
punt
24.2%
Quiz Playlist
Details
Report
Send in Message
Add To Playlist
Classic:
Type in answers that appear in a list
Last Updated: Feb 16, 2017
Quiz Scoreboard
CHALLENGE
Sign Up to Join the Scoreboard
Show All
Scores
Hide
Comments
May contain spoilers
Recently Published
Movies - When Are They Set?
by FPL_Elf
Movies
5m
Popular People in 1961
by mucciniale
History
6m
1-10 Letter E Words III
by El_Dandy
Language
2m
More to Explore
Quiz From the Vault
Featured Blog Post
Where Did the Easter Bunny Come From?
hide this ad
You Might Also Like...
Tags
James Bond Quiz
Word Ladder Quiz
bond
same
Today's Top Quizzes in Just For Fun
Browse Just For Fun
hide this ad
Today's Top Quizzes in Word Ladder
Browse Word Ladder
Top Contributed Quizzes in Just For Fun
1
Crossword Whiteout! 49
2
Harry Potter Logic - 'In Chains' II
3
Survivor Winners Logic Puzzle
4
Zeroing In: Just For Fun
5
Thermometer Puzzle 25
6
Word Ladder: Ahoy Matey
7
1-30 Clickable Mines
8
Aquarium Logic Puzzle 17
9
Big Thermometer Puzzle 21
10
Edinburgh Fringe jokes 2015
Explore More
Trending Topics
Anime
Crossword
Harry Potter
Marvel
Disney
Kpop
NBA
NFL
Country
The Office
WWE
Pokémon
Soccer
Puzzle
Song
hide this ad
More By:
craig247
Quiz
Plays
Rating
Category
Featured
Created
LOST: Episodes (Clickable)
490
4.67
Television
Apr 29, 2012
Deal or No Deal (UK) Box Amounts: Clickable
291
4.00
Television
May 7, 2012
Word Ladder: James Bond
281
2.25
Just For Fun
Nov 14, 2011
Go to Creator's Profile
Score Distribution
Quiz Creator Spotlight
craig247
Follow
Send a Message
Quizzes Created
-
Created Quiz Play Count
-
More By This Creator
Popular Quizzes Today
1
Find the Countries of Europe - No Outlines Minefield
2
Find the US States - No Outlines Minefield
3
The Countries of the World
4
Popular People in 1961
5
US States
6
1-10 Letter E Words III
7
Find the US States
8
One Thing in Common: World Cities II
More Just For Fun Quizzes
Find the Image Pieces! XIV
Published
Trending Quizzes
Risky Map Clicking: Least Populous States A-Z
1-10 Letter F Words
1-10 Letter G Words
One Thing in Common: United Kingdom
Risky Map Clicking: Next State Alphabetically
Recently Updated
Leaping Animals
pecheneg
Reality TV Shows (A-Z)
bhenderson79
Rickey Henderson's Hall of Fame Teammates
pecheneg
Champions League XIs: Arsenal
pecheneg
Quick Pick: Celebrities in WWE's Hall of Fame
aduchscher
A-Z Keypad Blitz II
pecheneg
Multiple Oscar Actors
pecheneg
Mystery Phrase Blitz: Oscar 'Best Actors'
pecheneg
F. Scott Fitzgerald Novels
LTH
Pick 3 Villains
ddd62291
Trending Topics
Marvel
Disney
Anime
Crossword
Kpop
NBA
Harry Potter
Song
Pokémon
NFL
Puzzle
WWE
Soccer
Country
The Office
Your Account Isn't Verified!
In order to create a playlist on Sporcle, you need to verify the email address you used during registration. Go to your
Sporcle Settings
to finish the process.
Report this User
Report this user for behavior that violates our
Community Guidelines
.
Details:
Send Report
Go to the Sporcle.com Mobile Site →
Comments